000 01069nam a2200265 a 4500
001 000017402
003 DO-SdBNP
005 20240408175713.0
008 100324s2009 dr abc 000 0 spa d
020 _a9789993442950
040 _aDO-SdBNP
_bspa
_cBNPHU
082 4 _a972.93697
_bA162c
_222
100 1 _aAbreu F., César Arturo,
_d1940-
_938086
245 1 3 _aLa Concepción de la Vega raíces de nuestro espíritu :
_bhistóricas-culturales-olímpicas-carnavalescas-económicas /
_cCésar Arturo Abreu F.
260 _aSanto Domingo :
_bFERILIBRO,
_c2009.
300 _a372 p. :
_bil. ; mapa ; retrs. ;
_c23 cm.
500 _aIncluye notas al pie de las páginas.
504 _aBibliografía: p. 367-372
650 4 _aCiudades y pueblos
_zRepública Dominicana
_9784
650 4 _aCarnaval
_zLa Vega (República Dominicana)
_xHistoria
_938087
651 0 _a Concepción de la Vega (Republica Dominicana )
_92180
651 4 _aLa Vega (República Dominicana)
_xVida social y costumbres
_98244
910 _aValidado. Control de calidad MMOLINA
942 _2ddc
_cLBS1
999 _c16927
_d16927